| 000 | 00750cab a2200229 4500 | ||
|---|---|---|---|
| 001 | WB2804-17 | ||
| 008 | 090401t1992 xxu||||| |||| 00| 0 eng d | ||
| 035 | _a(Sirsi) u13014 | ||
| 041 | _aeng | ||
| 245 | _aDeluge of shop disposals | ||
| 260 | _c1992 | ||
| 350 | _a0 | ||
| 490 |
_aEstates Times _v(1126) 17 January 1992, 2(1) |
||
| 520 | _aShop agents are expecting a flood of vacant shops and sale and leasebacks to come onto the market in the light of poor results from retailers and further receiverships in the sector. | ||
| 650 | _aRECESSION | ||
| 650 | _aRETAIL PROPERTY | ||
| 650 | _aSALE AND LEASEBACKS | ||
| 650 | _aVACANT PROPERTY | ||
| 690 | _aPROPERTY-COMMERCIAL PROPERTY-RETAIL PROPERTY | ||
| 942 | _n0 | ||
| 948 | _c04/03/1997 | ||
| 999 |
_c8363 _d8363 |
||